Právní rádce : příručka pro všechny, kteří se potkávají s duševní nemocí /

Další autoři: Pospíšil, Filip, 1972-
Jazyk: Čeština
Vydáno: Praha : Česká asociace pro psychické zdraví, c2005
Vydání: 1. vyd.
Témata:
Externí odkaz: Digitalizovaný dokument
Fyzický popis: 90 s. : il. ; 19 cm
Knihy
Uloženo v:
LEADER 01845nam a2200493 a 4500
001 nkc20051581503
003 CZ PrNK
005 20060317081718.0
007 ta
008 050909s2005 xr a e f 000 0 cze
015 |a cnb001581503 
020 |a 80-239-5610-8  |q (brož.) 
035 |a (OCoLC)83978218 
040 |a BOA001  |b cze  |d OLA001 
043 |a e-xr--- 
072 7 |a 364-1/-7  |x Druhy sociální pomoci a služeb  |2 Konspekt  |9 18 
080 |a 316.344.6-056.34  |2 MRF 
080 |a 614.253.83  |2 MRF 
080 |a 364-787  |2 MRF 
080 |a 347.921.8  |2 MRF 
080 |a (437.3)  |2 MRF 
080 |a (035)  |2 MRF 
245 0 0 |a Právní rádce :  |b příručka pro všechny, kteří se potkávají s duševní nemocí /  |c [editor Filip Pospíšil] 
250 |a 1. vyd. 
260 |a Praha :  |b Česká asociace pro psychické zdraví,  |c c2005 
300 |a 90 s. :  |b il. ;  |c 19 cm 
504 |a Obsahuje bibliografické odkazy 
650 0 7 |a osoby s duševním onemocněním  |7 ph119646  |z Česko  |2 czenas 
650 0 7 |a práva pacientů  |7 ph264923  |z Česko  |2 czenas 
650 0 7 |a sociální pomoc  |7 ph125801  |z Česko  |2 czenas 
650 0 7 |a právní pomoc  |7 ph118030  |z Česko  |2 czenas 
650 0 9 |a mental patients  |z Czechia  |2 eczenas 
650 0 9 |a patient rights  |z Czechia  |2 eczenas 
650 0 9 |a social support  |z Czechia  |2 eczenas 
650 0 9 |a legal aid  |z Czechia  |2 eczenas 
655 7 |a příručky  |7 fd133209  |2 czenas 
655 9 |a handbooks and manuals  |2 eczenas 
700 1 |a Pospíšil, Filip,  |d 1972-  |7 xx0028370  |4 edt 
856 4 1 |u http://www.digitalniknihovna.cz/mzk/uuid/uuid:7f48f7a0-6f88-11e2-b1d4-005056827e51  |y Digitalizovaný dokument  |x NDK 
910 2 |a BOA001  |b 1-1161.325 
990 |a BK 
995 |a 01 
991 |b 200601  |c NOV 
996 6 |b 2610268418  |c 1-1161.325  |l MZK  |r Sklad / do 1 hodiny  |n 7  |p p.v.  |w 000801924  |u 000010  |a 1  |e BOA001  |j MZK50  |s P